Mystery Taylor Swift Song #47 - Statistics

General Stats
  • This quiz has been taken 719 times
  • The average score is 49 of 113
Answer Stats
Song % Correct
Fearless
90%
you
89%
I
87%
love
85%
a
84%
the
83%
me
80%
And
76%
your
75%
do
74%
to
73%
that
70%
in
69%
it
69%
you're
69%
when
68%
my
66%
on
66%
I'm
65%
know
65%
no
65%
so
64%
don't
63%
then
63%
what
62%
who
62%
for
60%
like
60%
tell
60%
why?
60%
why
60%
are
59%
but
59%
go
58%
not
57%
of
57%
can
56%
see
53%
say
52%
said
51%
How
49%
have
46%
want
45%
Now
44%
Tell Me Why
44%
think
44%
down
43%
one
43%
I've
42%
could
41%
from
41%
got
41%
oh
41%
doing
40%
feel
39%
night
39%
here
38%
last
37%
make
37%
get
35%
mean
35%
thing
34%
need
33%
day
32%
only
32%
took
32%
around
31%
remember
31%
told
31%
feeling
30%
let
30%
mind?
30%
might
29%
take
29%
tired
29%
bulletproof
28%
here's
28%
sick
28%
attitude
27%
believe
27%
push
27%
put
27%
Yes
27%
chance
26%
perfect
26%
run
26%
shot
26%
back
25%
Makes
25%
streak
25%
hard
24%
temper
24%
cover
23%
ground
23%
heartbeat
23%
reasons
23%
Well
23%
ruin
22%
small
22%
swing
22%
book
21%
cut
21%
inside?
21%
someone's
21%
trying
21%
whole
21%
write
21%
dreams
20%
confused
18%
Forget
18%
step
18%
ask
17%
frustrated
16%
No matching quizzes found
Score Distribution
Percent of People with Each Score
Percentile by Number Answered
Your Score History
You have not taken this quiz